[Event "LTU-ch"]
[Site "Kaunas"]
[Date "2018.03.04"]
[Round "5"]
[White "Grybas, Gintaras"]
[Black "Barsciauskas, Gintautas"]
[Result "1-0"]
[WhiteElo "2034"]
[BlackElo "1657"]
[PlyCount "119"]
[EventDate "2018.03.02"]
[EventType "swiss"]
[EventRounds "9"]
[EventCountry "LTU"]
[SourceTitle "CBM 183 Extra"]
[Source "ChessBase"]
[SourceDate "2018.04.19"]
[SourceVersion "1"]
[SourceVersionDate "2018.04.19"]
[SourceQuality "1"]

1. d4 c5 2. dxc5 e6 3. c4 Bxc5 4. Nc3 Nf6 5. Nf3 0-0 6. e3 Nc6 7. Be2 d5 8. cxd5 exd5 9. 0-0 a6 10. b3 d4 11. exd4 Nxd4 12. Bb2 Nxe2+ 13. Qxe2 Re8 14. Qc4 Qe7 15. Rae1 Be6 16. Qh4 h6 17. h3 Rad8 18. Re2 b5 19. Rfe1 Bb4 20. Nd4 Qc5 21. Nxe6 fxe6 22. Rc1 Qe7 23. Ne4 Nxe4 24. Qxe4 Rd2 25. Rxd2 Bxd2 26. Rc6 Bg5 27. Rxa6 Bf6 28. Bxf6 Qxf6 29. Ra8 Rxa8 30. Qxa8+ Kh7 31. Qe4+ Kh8 32. a4 bxa4 33. bxa4 Qa1+ 34. Kh2 Qa2 35. Qa8+ Kh7 36. a5 Qxf2 37. Qe4+ Kh8 38. a6 Qb6 39. Qc4 Kh7 40. Kg3 Qe3+ 41. Kh2 Qe5+ 42. Kg1 Qe3+ 43. Kf1 e5 44. Qc2+ e4 45. Qa2 Qc1+ 46. Kf2 Qc5+ 47. Kg3 Qc7+ 48. Kg4 Qe5 49. h4 h5+ 50. Kh3 Qf5+ 51. Kh2 Qe5+ 52. g3 Qb8 53. Qd5 Qb2+ 54. Kh3 Qe2 55. Qf5+ g6 56. Qf7+ Kh6 57. a7 Qg4+ 58. Kg2 Qe2+ 59. Qf2 Qa6 60. Qf8+ 1-0